000 00762nam a2200205Ia 4500
005 20241216011329.0
008 190429s9999||||xx |||||||||||||| ||und||
082 _a616.462
_bV65
100 _aVILCA QUINTO, GLADYS MARIAELENA / QUIROZ MARCELO, DAVID SAUL Y MEDINA ESPINOZA, FREDY FIDEL
245 0 _aEFICACIA DE LA ENSEÑANZA DE ENFERMERIA A PACIENTES CON DIABETES MELLITUS SOBRE SU ENFERMEDAD TRATAMIENTO Y MEDIDAS PREVENTIVAS DE COMPLICACIONES HOSPITAL GENERAL NACIONAL DOS DE MAYO LIMA - 1993
250 _a0
260 _aCERRO DE PASCO-PERU
_bUNDAC
_c1993
300 _a71 pag.
_c30 cm.
341 _h0
490 _v0
_a0
505 _aMATERIALES-METODOS-RESULTADOS
541 _aD
_d15-Sep-98
_oSoles
650 _aEnfermería
942 _cTESIS
999 _c38967
_d38967